| 000 | 00696 a2200205 4500 | ||
|---|---|---|---|
| 999 |
_c7791 _d7791 |
||
| 010 | _aENG-88185 | ||
| 020 |
_a9780761936213 _c395.00 |
||
| 035 | _aEN-71718 | ||
| 037 | _bDBAD / PUB | ||
| 082 | 1 | 4 | _a658.4033 |
| 100 | 1 | _aBhattacharya, Hrishikes | |
| 245 | 1 |
_aTotal management by ratios : _ban analytic approach to management control and stock market valuations / _cby Hrishikes Bhattacharya |
|
| 250 | _a2nd ed. | ||
| 260 |
_aNew Delhi _bSage Publications _c2007 |
||
| 300 |
_a392p. _c22cm(pbk ) |
||
| 500 | _aIncludes bibliographical references and index | ||
| 650 | 0 | _aRatio analysis | |
| 650 | 0 |
_aManagement _xStatistical methods |
|
| 942 |
_adpl _cEN _2ddc _h658.4033 _mBHA |
||